000 00579nam a2200217Ia 4500
008 160418s9999 xx 000 0 und d
020 _a971-8845-01-1
050 _aFIL PL 5539
050 _b.J67 1962
100 _aJose, Francisco Sionil.
245 4 _aThe Pretenders /
245 _cFrancisco Sionil Jose.
260 _aManila :
260 _bSolidaridad Pub. House,
260 _c1962
300 _a188 pages :
300 _billustrations ;
300 _c22 cm.
650 _aPhilippine fiction (English).
650 _xPhilippine -- History -- 1898 -- Fiction.
999 _c293587
_d293587